| 000 | 00365nam a2200157Ia 4500 | ||
|---|---|---|---|
| 999 |
_c1508 _d1508 |
||
| 003 | OSt | ||
| 005 | 20191003100951.0 | ||
| 008 | 190723s9999 xx 000 0 und d | ||
| 020 | _a978-1423901785 | ||
| 040 | _cmaju | ||
| 100 | _aEffy oz | ||
| 245 | 0 | _aManagement Information Systems | |
| 260 |
_aUSA _bThomas Course _c2006 |
||
| 300 | _a528:p | ||
| 942 |
_cBK _2ddc |
||